Statistics for 2020 Democratic Candidates

Click here to take the quiz!

General Stats

  • This quiz has been taken 35 times
  • The average score is 14 of 25

Answer Stats

PositionResultsDelegatesAnswer% Correct
Senator26. 621073Bernie Sanders
96%
Senator7.7663Elizabeth Warren
92%
Vice President*51.492687Joe Biden
92%
Mayor*6.9159Michael Bloomberg
88%
Mayor*2.5526Pete Buttigieg
88%
Business-Man0.45N/AAndrew Yang
76%
Senator from CaliforniaN/AN/AKamala Harris
76%
SenatorN/AN/ACory Booker
72%
CongressmanN/AN/ABeto O'rourke
60%
Senator1.457Amy Klobuchar
56%
Writer/ActivistN/AN/AMarianne Williamson
56%
Secretary of HUD*N/AN/AJulian Castro
48%
Activist0.72N/ATom Steyer
48%
Congressperson0.762Tulsi Gabbard
48%
CongresspersonN/AN/AJohn Delaney
44%
SenatorN/AN/AKirsten Gillibrand
44%
GovernorN/AN/AJay Inslee
40%
Congressman0.17N/AMichael Bennet
40%
MayorN/AN/ABill De Blasio
36%
CongressmanN/AN/AEric Swalwell
36%
GovernorN/AN/AJohn Hickenlooper
36%
CongressmanN/AN/ATim Ryan
36%
CongressmanN/AN/ASteve Bullock
32%
Governor*0.08N/ADeval Patrick
28%
Congressperson*N/AN/AJoe Sestak
28%

Score Distribution

Percentile by Number Answered

Percent of People with Each Score

Your Score History

You have not taken this quiz